[Event "Valencia Acadar U2200 1st"]
[Site "Valencia"]
[Date "2019.04.08"]
[Round "7.3"]
[White "Gauna Rojas, Jose Gregorio"]
[Black "Rojas, Luis Jose"]
[Result "1-0"]
[WhiteElo "2019"]
[BlackElo "1923"]
[PlyCount "117"]
[EventDate "2019.04.06"]
[EventType "swiss"]
[EventRounds "7"]
[EventCountry "VEN"]
[SourceTitle "EXT 2022"]
[Source "ChessBase"]
[SourceDate "2021.10.06"]
[SourceVersion "1"]
[SourceVersionDate "2021.10.06"]
[SourceQuality "1"]

1. e4 d6 2. d4 Nf6 3. Nc3 g6 4. f4 Bg7 5. Nf3 0-0 6. e5 dxe5 7. fxe5 Nd5 8. Bc4 Be6 9. Nxd5 Bxd5 10. Bxd5 Qxd5 11. Qe2 Qd7 12. Qe4 Qc6 13. Qd3 Nd7 14. 0-0 Rad8 15. Qb3 Nb6 16. h3 Nd5 17. Bd2 f6 18. c4 Nb6 19. c5+ Nd5 20. Rae1 fxe5 21. Nxe5 Rxf1+ 22. Kxf1 Qf6+ 23. Kg1 b6 24. Qc4 e6 25. b4 Qh4 26. Nf3 Qe7 27. Ng5 b5 28. Qxb5 Bxd4+ 29. Kh2 Bc3 30. Rxe6 Qf8 31. Bc1 Bf6 32. Re1 h6 33. Ne6 Qe8 34. Qb7 Bh4 35. g3 Bf6 36. Bxh6 Rd7 37. a3 Kh8 38. Qa6 g5 39. Bxg5 Bxg5 40. Nxg5 Qxe1 41. Qc8+ Kg7 42. Qxd7+ Ne7 43. Ne6+ Kh6 44. Nf4 c6 45. h4 Qf2+ 46. Kh3 Qf1+ 47. Kg4 Qe1 48. Qd6+ Kg7 49. h5 Qe4 50. h6+ Kf7 51. Kg5 Qf5+ 52. Kh4 Nc8 53. Qd4 Qh7 54. Qd7+ Ne7 55. Qe6+ Ke8 56. g4 Kd8 57. Kh5 Kc7 58. g5 Nf5 59. Kg4 1-0

[Event "Valencia Acadar U2200 1st"]
[Site "Valencia"]
[Date "2019.04.07"]
[Round "5"]
[White "Blanco da Silva, Anthony Robinson"]
[Black "Rojas, Luis Jose"]
[Result "1/2-1/2"]
[WhiteElo "1993"]
[BlackElo "1923"]
[PlyCount "46"]
[EventDate "2019.04.06"]
[EventType "swiss"]
[EventRounds "7"]
[EventCountry "VEN"]
[SourceTitle "EXT 2022"]
[Source "ChessBase"]
[SourceDate "2021.10.06"]
[SourceVersion "1"]
[SourceVersionDate "2021.10.06"]
[SourceQuality "1"]

1. f4 d5 2. Nf3 Be6 3. d4 Nf6 4. Nc3 g6 5. e3 Bg7 6. Bd3 h6 7. h3 0-0 8. 0-0 c5 9. dxc5 Qa5 10. e4 Qxc5+ 11. Kh1 dxe4 12. Nxe4 Nxe4 13. Bxe4 Nc6 14. c3 Rad8 15. Qe2 Rfe8 16. Be3 Qd6 17. Rad1 Qc7 18. Rxd8 Rxd8 19. Rd1 Rxd1+ 20. Qxd1 Bxa2 21. Qa4 Be6 22. Bxa7 Nxa7 23. Qxa7 Bc8 1/2-1/2

[Event "Carabobo Acadar Cup"]
[Site "Carabobo"]
[Date "2019.01.07"]
[Round "11"]
[White "Eman Sardinas, Juan Enrique"]
[Black "Rojas, Luis Jose"]
[Result "1/2-1/2"]
[WhiteElo "2090"]
[BlackElo "2057"]
[PlyCount "48"]
[EventDate "2019.01.04"]
[EventType "tourn"]
[EventRounds "14"]
[EventCountry "VEN"]
[SourceTitle "CBM 188 Extra"]
[Source "ChessBase"]
[SourceDate "2019.02.26"]
[SourceVersion "1"]
[SourceVersionDate "2019.02.26"]
[SourceQuality "1"]

1. d4 d5 2. c4 e6 3. cxd5 exd5 4. Nc3 c5 5. Nf3 cxd4 6. Qxd4 Nf6 7. e4 dxe4 8. Qxd8+ Kxd8 9. Ng5 Be6 10. Nxe6+ fxe6 11. Bg5 Bb4 12. Bxf6+ gxf6 13. 0-0-0+ Ke7 14. Nxe4 f5 15. Ng5 h6 16. Nh3 Nc6 17. f4 Rac8 18. Nf2 Na5+ 19. Kb1 Bc5 20. Nd3 Rhd8 21. Be2 Nc4 22. Nxc5 Rxd1+ 23. Rxd1 Rxc5 24. Bxc4 Rxc4 1/2-1/2

[Event "Carabobo Acadar Cup"]
[Site "Carabobo"]
[Date "2019.01.06"]
[Round "8"]
[White "Blanco Da Silva, Cristofer R"]
[Black "Rojas, Luis Jose"]
[Result "1-0"]
[WhiteElo "2017"]
[BlackElo "2057"]
[PlyCount "63"]
[EventDate "2019.01.04"]
[EventType "tourn"]
[EventRounds "14"]
[EventCountry "VEN"]
[SourceTitle "CBM 188 Extra"]
[Source "ChessBase"]
[SourceDate "2019.02.26"]
[SourceVersion "1"]
[SourceVersionDate "2019.02.26"]
[SourceQuality "1"]

1. e4 d6 2. d4 g6 3. c4 Bg7 4. Nf3 Nf6 5. Nc3 0-0 6. Bg5 Nbd7 7. Qd2 e5 8. Be2 Qe8 9. d5 Nc5 10. Bxf6 Bxf6 11. b4 Nd7 12. 0-0 Bg7 13. Qc2 a6 14. Bd3 Qd8 15. Rfe1 Nf6 16. Rab1 Nh5 17. c5 f5 18. a4 fxe4 19. Bxe4 Bg4 20. Re3 Rf7 21. Ne2 Qf8 22. h3 Bxf3 23. Bxf3 Kh8 24. Bxh5 gxh5 25. Ng3 h4 26. Ne4 Qe7 27. b5 Raf8 28. bxa6 bxa6 29. Rb7 Rf5 30. cxd6 Qd8 31. dxc7 Qxd5 32. c8Q 1-0

[Event "Carabobo Acadar Cup"]
[Site "Carabobo"]
[Date "2019.01.06"]
[Round "9"]
[White "Briceno Quinones, Ruben Dario"]
[Black "Rojas, Luis Jose"]
[Result "1-0"]
[WhiteElo "2097"]
[BlackElo "2057"]
[PlyCount "71"]
[EventDate "2019.01.04"]
[EventType "tourn"]
[EventRounds "14"]
[EventCountry "VEN"]
[SourceTitle "CBM 188 Extra"]
[Source "ChessBase"]
[SourceDate "2019.02.26"]
[SourceVersion "1"]
[SourceVersionDate "2019.02.26"]
[SourceQuality "1"]

1. d4 Nf6 2. c4 g6 3. Nf3 Bg7 4. Nc3 d6 5. e4 0-0 6. Be2 Nbd7 7. Be3 Ng4 8. Bg5 f6 9. Bd2 e5 10. 0-0 Nh6 11. dxe5 dxe5 12. b4 f5 13. Qc1 fxe4 14. Bxh6 Bxh6 15. Qxh6 exf3 16. Bxf3 Qf6 17. Rfe1 Qf4 18. Bd5+ Kh8 19. Qxf4 exf4 20. Re7 a5 21. b5 Rb8 22. Ne4 Rf5 23. Be6 Re5 24. Re8+ Kg7 25. Rg8+ Kh6 26. Bxd7 Rxe4 27. Rxc8 Rxc8 28. Bxc8 b6 29. c5 bxc5 30. Rc1 Re2 31. Kf1 Rxa2 32. Rxc5 Rb2 33. Be6 a4 34. Rxc7 Rxb5 35. Ra7 Rb4 36. Bd7 1-0

[Event "Carabobo Acadar Cup"]
[Site "Carabobo"]
[Date "2019.01.05"]
[Round "4"]
[White "Rojas, Luis Jose"]
[Black "Eman Sardinas, Juan Enrique"]
[Result "1/2-1/2"]
[WhiteElo "2057"]
[BlackElo "2090"]
[PlyCount "38"]
[EventDate "2019.01.04"]
[EventType "tourn"]
[EventRounds "14"]
[EventCountry "VEN"]
[SourceTitle "CBM 188 Extra"]
[Source "ChessBase"]
[SourceDate "2019.02.26"]
[SourceVersion "1"]
[SourceVersionDate "2019.02.26"]
[SourceQuality "1"]

1. g3 Nf6 2. Nf3 g6 3. c4 Bg7 4. Bg2 c5 5. d4 Qa5+ 6. Bd2 Qb6 7. dxc5 Qxc5 8. Qb3 Nc6 9. Nc3 0-0 10. Nd5 Rb8 11. a4 d6 12. 0-0 Be6 13. Be3 Qa5 14. Bd2 Qc5 15. Be3 Qa5 16. Bd2 Qc5 17. Be3 Qa5 18. Bd2 Qc5 19. Be3 Qa5 1/2-1/2

[Event "Carabobo Acadar Cup"]
[Site "Carabobo"]
[Date "2019.01.04"]
[Round "2"]
[White "Rojas, Luis Jose"]
[Black "Briceno Quinones, Ruben Dario"]
[Result "0-1"]
[WhiteElo "2057"]
[BlackElo "2097"]
[PlyCount "114"]
[EventDate "2019.01.04"]
[EventType "tourn"]
[EventRounds "14"]
[EventCountry "VEN"]
[SourceTitle "CBM 188 Extra"]
[Source "ChessBase"]
[SourceDate "2019.02.26"]
[SourceVersion "1"]
[SourceVersionDate "2019.02.26"]
[SourceQuality "1"]

1. c4 e5 2. g3 Nf6 3. Nf3 e4 4. Nd4 Nc6 5. Nxc6 dxc6 6. Bg2 Bc5 7. Nc3 Bg4 8. f3 exf3 9. Bxf3 Qd4 10. e3 Qxc4 11. Bxg4 Nxg4 12. Rf1 h5 13. Qe2 Qxe2+ 14. Nxe2 Nxh2 15. Rh1 Nf3+ 16. Kf2 Ng5 17. d3 Ne6 18. Bd2 0-0-0 19. d4 Bd6 20. Bc3 Ng5 21. Rae1 Ne4+ 22. Kf3 f5 23. Reg1 g5 24. a3 Rh6 25. Bb4 Bxb4 26. axb4 Nd6 27. Rh2 g4+ 28. Kf4 Re6 29. Rxh5 Re4+ 30. Kg5 Rxe3 31. Nf4 Ne4+ 32. Kh4 Nd6 33. Rg2 Re1 34. Kg5 Rg8+ 35. Kf6 Rf8+ 36. Kg5 Rg8+ 37. Kf6 Re4 38. Ng6 Rge8 39. Nf4 Rxd4 40. Kg6 Rxb4 41. Kg5 a5 42. Rh7 a4 43. Nh5 b5 44. Rc2 c5 45. Rh2 c4 46. Nf4 Ne4+ 47. Kg6 c3 48. bxc3 Nxc3 49. Kxf5 a3 50. Nd3 Rbe4 51. Rf2 Rf8+ 52. Kg5 Rxf2 53. Nxf2 Re1 54. Nd3 Ne4+ 55. Kf4 a2 56. Nxe1 a1Q 57. Kxe4 Qxe1+ 0-1